| 000 | 00554nam a2200193 u 4500 | ||
|---|---|---|---|
| 005 | 20230310063616.0 | ||
| 008 | 100622s2008 r 000 0 eng d | ||
| 020 | _a9788466777216 | ||
| 035 | _aUPN01000176797 | ||
| 049 | _aCG | ||
| 050 | 4 |
_aPR6073 E2 _bCH5.2 |
|
| 100 | 1 | _aWeatherley, Anna-Louise | |
| 245 | 1 | 3 |
_aEl chico equivocado / _cAnna-Louise Weatherley ; tr. Pilar de Vicente Servio. |
| 260 |
_aMadrid : _bAnaya, _c2008. |
||
| 300 | _a327 p. | ||
| 534 |
_pTraducción de: _tThe wrong boy |
||
| 650 | 4 |
_aNovela inglesa _94471 |
|
| 905 | _aLibro | ||
| 999 |
_c148900 _d148900 |
||